000 00668nam a2200229 a 4500
001 18846
003 CO-ViMGA
008 141112s2004 ck r 000 u spa d
020 _a9583010790
040 _aCO-ViMGA
_bspa
_cCO-ViMGA
082 0 4 _a745.5 P171
245 1 0 _aPara uso personal - Decoración con frutas y verduras
260 _aBogotá :
_bEd. PanAméricana; 2003
300 _a18 p.
490 _aManos Maestras
590 _aForma de adquisición : Premio Mincultura
650 1 4 _aCOSMETICOS - ELABORACION
_926902
650 1 4 _aDECORACION DE LA MESA
_926903
650 1 4 _aREPOSTERIA - FRUTAS
_926904
650 1 4 _aTRABAJOS MANUALES
942 _2ddc
_cBK
999 _c28074
_d28074